000 00537nam a2200193Ia 4500
005 20250508154627.0
008 008 250505s9999 xx 000 0 eng d
037 _aTextual
040 _aFEDL
_beng
_cFEDL
041 _aeng
_2eng
084 _a371.26
_qFEDL
100 _aKarmel Louis J
_984409
245 0 _aTesting in your schools
260 _aNew York, USA
_bThe Macmillan Company
_c1966
300 _ax,112p
650 _aEducational - Tests and Measurement
942 _cTEXL
_h371.26
999 _c1351294
_d1351294